000 00433nam a22001817a 4500
003 MPLRDC
005 20220104145448.0
008 210129b ||||| |||| 00| 0 eng d
082 _a848.2 ZN v.5
100 _a赵宁, 赵怡, 赵靖著
245 _a三兄弟
_c
250 _a初版
260 _a
_b皇冠出版社
_c1986
300 _b
490 _a皇冠丛书;750
650 _a现代别集
942 _cBK
_o848.2 ZN v.5
999 _c51333
_d51323